000 00819nas a2200253 4500
001 BR0704338
003 BR-BrBNA
005 20231205111112.0
007 ta
008 230509b bl.|||p| |||| 00| 00por d
040 _aBR-BrBNA
_bpor
_cBiblioteca Nacional de Agricultura
041 _a(Pt)
072 _aS01
100 1 _aAntunes, A.E.C.
100 1 _aCazetto, T.F.
100 1 _aBolini, H.M.A.
245 1 _aIogurtes desnatados probióticos adicionados de concentrado protéico do soro de leite:perfil de textura, sinérese e análise sensorial
650 _aIOGURTE
650 _aCONCENTRADO PROTÉICO
650 _aSORO DE LEITE
773 0 _tAlimentos e Nutrição (Brazil)
_xISSN 0103-4235
_g(2004), v. 15(2) p. 107-114
_wBR0704338
909 _a202311
_bLúcia
_c55
_dLúcia Elande
942 _2AGRIS
_n0
_cANA
999 _c190665
_d190665